Quizzes
Events
Quiz Creation
Community
Videos
Private Events
Remove Ads
Sign In
Join for FREE
Feedback
Dark Mode
Quiz Categories
Sports
Geography
Music
Movies
Television
Just For Fun
Miscellaneous
History
Literature
Language
Science
Gaming
Entertainment
Religion
Holiday
For Kids
Quiz Lab
Recent
Popular Today
Quiz Kudos Today
Editor Picks
Curator Picks
Quizzes by...
Day
Popularity
Type
Ratings
Length
Year
Community
Subscriptions
Recent Discussions
Orange Saloon
Badges
Playlists
Quests
Create
Leaderboards
Showdown
Live 5
Trivia Bingo
Activity
Puzzle Library
Sporcle Events
Private Events
Virtual Trivia
Globe League
Become a Host
Pub Owners
SporcleCon
Opinionation
Our Games
Videos
Blog
Mobile Apps
Partnerships
Remove Ads and Go Orange
Feedback
Sports
Athletes
MLB
NBA
NHL
NFL
Soccer
Sports Teams
WWE
NCAA
Football
Premier League
Basketball
Baseball
Hockey
Golf
Tennis
Cricket
Rugby
Auto Racing
Olympics
World Cup
Sports
Athletes
MLB
NBA
NHL
NFL
Soccer
Sports Teams
WWE
NCAA
Football
Premier League
Basketball
Baseball
Hockey
Golf
Tennis
Cricket
Rugby
Auto Racing
Olympics
World Cup
Random Quiz
Search Sporcle
×
Quiz Lab
Quiz Lab
Sports
Soccer
Type in answers that appear in a list
Type in answers that appear in a list
Classic
Best Score? Go Orange.
Premier League 2009/10 Club Top Scorers Stats
Can you name the top goalscorers of all the Premier League Clubs in the 2009/10 season?
By
11sml
8m
21 Questions
173 Plays
173 Plays
173 Plays
Comments
Comments
Give Quiz Kudos
Give Quiz Kudos
-
- Ratings
hide this ad
More Info
Replay
Link that replays current quiz
Next Quiz
Link to next quiz in quiz playlist
You Got
0%
They Got
Avg Score
61%
Avg Friend Score
Upgrade to see
Score Distribution
Jump to the score distribution portion of the page
Score
0/21
Timer
08:00
0
Plays Today
Club
Players
% Correct
Manchester United
Wayne Rooney
97.1%
Chelsea
Didier Drogba
95.4%
Liverpool
Fernando Torres
93.6%
Manchester City
Carlos Tevez
89.6%
Tottenham Hotspur
Jermain Defoe
89%
Arsenal
Cesc Fabregas
85%
Sunderland
Darren Bent
83.2%
Aston Villa
Gabriel Agbonlahor
82.7%
Everton
Louis Saha
72.3%
West Ham United
Carlton Cole
65.3%
Fulham
Bobby Zamora
57.2%
Club
Players
% Correct
Wolverhampton Wanderers
Kevin Doyle
57.2%
Wigan Athletic
Hugo Rodallega
54.9%
Birmingham City
Cameron Jerome
53.8%
Burnley
Steven Fletcher
46.2%
Bolton Wanderers (joint)
Matty Taylor
39.9%
Blackburn Rovers
David Dunn
31.2%
Bolton Wanderers (joint)
Ivan Klasnic
26.6%
Stoke City
Matthew Etherington
24.3%
Hull City
Stephen Hunt
23.1%
Portsmouth
Aruna Dindane
22%
Quiz Playlist
Details
Report
Send in Message
Add To Playlist
More Info:
Applies to Premiership goals only.
Classic:
Type in answers that appear in a list
Last Updated: Feb 16, 2017
Quiz Scoreboard
CHALLENGE
Sign Up to Join the Scoreboard
Show All
Scores
Hide
Comments
May contain spoilers
Recently Published
An Introduction to Baseball
by treessimontrees
Sports
5m
Movies - When Are They Set?
by FPL_Elf
Movies
5m
Popular People in 1961
by mucciniale
History
6m
More to Explore
Quiz From the Vault
Featured Blog Post
Where Did the Easter Bunny Come From?
hide this ad
You Might Also Like...
Tags
Numbers Quiz
Premier League Quiz
Soccer Quiz
2009
2009-2010
club
goal
Goal Scorers
League
Player
Premier
Scorer
season
Today's Top Quizzes in Sports
Browse Sports
hide this ad
Today's Top Quizzes in Soccer
Browse Soccer
Top Contributed Quizzes in Sports
1
Les meilleurs buteurs des matchs entre le PSG et l’OM
2
2022 World Cup Stars
3
FIFA Club World Cup Champions
4
Les entraîneurs de l'OM et du PSG au 21e siècle
5
Name the Premier League winners with different clubs
6
La finale Lions - Afrique du Sud 2021
7
Les joueurs passés par le LOSC et le RC Lens
8
Criteria MLB: Left Handed Sluggers
9
Players with Multiple 50 Home Run Seasons
10
5-to-1: UK Sports Teams
Explore More
Trending Topics
Crossword
Disney
NBA
Kpop
Harry Potter
Anime
Marvel
Puzzle
NFL
Pokémon
The Office
Country
Song
WWE
Soccer
hide this ad
More By:
11sml
Quiz
Plays
Rating
Category
Featured
Created
Goal of the Season 'Keepers
192
4.83
Sports
Nov 30, 2010
Premier League 2009/10 Club Top Scorers
173
4.80
Sports
Dec 1, 2010
Premier League Summer Transfers 2010
131
3.00
Sports
Dec 1, 2010
2010 Premiership Squad Numbers
88
5.00
Sports
Dec 1, 2010
Players who have left the Premier League
78
5.00
Sports
Dec 1, 2010
Go to Creator's Profile
Score Distribution
Quiz Creator Spotlight
11sml
Follow
Send a Message
Quizzes Created
-
Created Quiz Play Count
-
More By This Creator
Popular Quizzes Today
1
Find the Countries of Europe - No Outlines Minefield
2
Find the US States - No Outlines Minefield
3
The Countries of the World
4
Popular People in 1961
5
US States
6
Find the US States
7
1-10 Letter E Words III
8
Risky Map Clicking: Biggest States A-Z
More Sports Quizzes
Last 5 Tottenham Hotspur Winning XI's vs Italian Teams
Quiz Lab
Trending Quizzes
Risky Map Clicking: Least Populous States A-Z
1-10 Letter F Words
1-10 Letter G Words
One Thing in Common: United Kingdom
Not Quite an Element Typing Challenge
Recently Updated
Leaping Animals
pecheneg
Reality TV Shows (A-Z)
bhenderson79
Rickey Henderson's Hall of Fame Teammates
pecheneg
Champions League XIs: Arsenal
pecheneg
Quick Pick: Celebrities in WWE's Hall of Fame
aduchscher
A-Z Keypad Blitz II
pecheneg
Multiple Oscar Actors
pecheneg
Mystery Phrase Blitz: Oscar 'Best Actors'
pecheneg
F. Scott Fitzgerald Novels
LTH
Pick 3 Villains
ddd62291
Trending Topics
Disney
Anime
Crossword
NBA
Marvel
Kpop
Harry Potter
The Office
Pokémon
Country
Soccer
NFL
Puzzle
Song
WWE
Your Account Isn't Verified!
In order to create a playlist on Sporcle, you need to verify the email address you used during registration. Go to your
Sporcle Settings
to finish the process.
Report this User
Report this user for behavior that violates our
Community Guidelines
.
Details:
Send Report
Go to the Sporcle.com Mobile Site →
Comments